000 00716nam a2200241Ia 4500
003 OSt
005 20220928123504.0
006 a|||||r|||| 00| 0
007 ta
008 220927b |||||||| |||| 00| 0 eng d
024 _a25875
037 _cTextual
040 _aSDCL
_cSDCL
_beng
041 _2eng
_aeng
082 _aV275:3(X5)'M, P6
100 _aMukherjee Rila
_9371748
245 0 _aMerchants and companies in Bengal
_bKasimbazar and Jugdia in the eigh
260 _aNewDelhi
_bPragati Publications
_c2006
300 _axl,192p
_ccm.
650 _aState And Commerce West Bengal
_9461209
942 _hV275:3(X5)'M, P6
_cTEXL
_2CC
999 _c774266
_d774266